| 000 | 01777nam a22003137a 4500 | ||
|---|---|---|---|
| 005 | 2009010509039.0 | ||
| 008 | 081223t xxu||||| |||| 00| 0 urd d | ||
| 010 | _aUR-7548 | ||
| 020 | _c200.00 | ||
| 035 | _aB-283701-705 | ||
| 035 | _aU-6103 | ||
| 040 |
_adpl _bur |
||
| 082 | _aن | ||
| 100 | _aامریندر نارائن | ||
| 245 |
_aخوشبو سرحدوں کے پار (ناول)۔ _cامریندر نارائن؛ مترجم اویناش امن |
||
| 246 |
_aKhushboo sarhadon ke par _bby Amarendra Narayan; translated by Avinash Aman |
||
| 260 |
_aدہلی _bایجو کیشنل پبلیشنگ ہاوس _c2008 |
||
| 300 |
_a268 p. _c22 cm. (Hb) |
||
| 500 | _a ايک ہی آئ ، ايس بی؛اين نمبر ؛کتاب " گيسوۓ تنقيد "8182233534 | ||
| 650 | _aUrdu Novel | ||
| 700 | _aاویناش امن | ||
| 942 |
_2ddc _cUR _hن _mا م ر |
||
| 999 |
_c20593 _d20593 |
||